000 nam a22 a 4500
999 _c4527
_d4527
003 AKMAL
005 20170531093954.0
008 17 s1996 my e l 000 0 eng d
020 _a967890747X (pbk.) :
_cRM 5.00
040 _cAKMAL
082 0 4 _a345.5950231 SED
_222
090 0 0 _a345.5950231
_bSED
110 1 _aMalaysia
_9400
240 1 0 _aAkta Hasutan 1948 .
_lEnglish
245 1 0 _aSedition Act 1948 (Act 15) :
_b(as at 25th March 1996) /
_ccompiled by: Legal Research Board
260 _aKuala Lumpur :
_bInternational Law Book Services,
_c1996
300 _a12 p. ;
_c24 cm.
490 1 _aLaws of Malaysia
650 1 0 _aSedition
_zMalaysia
_98751
650 2 0 _aPolitical crimes and offences
_zMalaysia
_98752
710 2 _aLembaga Penyelidikan Undang-Undang
_98753
830 0 _aLaws of Malaysia
_91830
942 _2ddc
_cBOOK